02840cam a22002657i 45000010009000000050017000090080041000260100017000670200018000840400028001020430012001300500021001421000034001632450116001972500019003132600046003323000045003785000040004235040069004635201827005326500034023599420033023939990017024269520131024432134935120230531091530.0200102s2020 nyua b 001 0 eng  a 2020930019 a9780198832331 aDLCbengerdacDLCdDLC af------00aHC 800 .C73 20201 aCramer, Christopher,eauthor.10aAfrican economic development :bevidence, theory, policy /cChristopher Cramer, John Sender, and Arkebe Oqubay. aFirst edition. aOxford:bOxford University Press, c2020. axiv, 319 pages :billustrations ;c24 cm aMinimal Level Cataloging Plus.5DLC aIncludes bibliographical references (pages [255]-303) and index. a"This book challenges conventional wisdoms about economic performance and possible policies for economic development in African countries. Its starting point is the striking variation in African economic performance. Unevenness and inequalities form a central fact of African economic experiences. The authors highlight not only differences between countries, but also variations within countries, differences often organized around distinctions of gender, class, and ethnic identity. For example, neo-natal mortality and school dropout have been reduced, particularly for some classes of women in some areas of Africa. Horticultural and agribusiness exports have grown far more rapidly in some countries than in others. These variations (and many others) point to opportunities for changing performance, reducing inequalities, learning from other policy experiences, and escaping the ties of structure, and the legacies of a colonial past. The book rejects teleological illusions and Eurocentric prejudice, but it does pay close attention to the results of policy in more industrialized parts of the world. Seeing the contradictions of capitalism for what they are - fundamental and enduring - may help policy officials protect themselves against the misleading idea that development can be expected to be a smooth, linear process, or that it would be were certain impediments suddenly removed. The authors criticize a wide range of orthodox and heterodox economists, especially for their cavalier attitude to evidence. Drawing on their own decades of research and policy experience, they combine careful use of available evidence from a range of African countries with political economy insights (mainly derived from Kalecki, Kaldor and Hischman) to make the policy case for specific types of public sector investment"-- 0aEconomic developmentzAfrica. 2lcccBOOKShHC 800 .C73 2020 c31596d31596 00102lcc4070aMUCbMUCcGENd2023-05-10ePurchase - Falcon Booksl0oHC 800 .C73 2020p39379r2023-05-31w2023-05-31yBOOKS